|
|
|
|
| LEADER |
00828cam a2200229 7i4500 |
| 001 |
0000035689 |
| 005 |
20110427090000.0 |
| 020 |
|
|
|a 9789832672371 (pbk.)
|
| 020 |
|
|
|a 9832672376
|
| 090 |
0 |
0 |
|a QK99.M3
|b T86 2008
|
| 245 |
0 |
0 |
|a Tumbuhan & makanan sebagai penyembuh penyakit
|c susunan, Amina Noor, Kamilarini Kamalsha.
|
| 246 |
3 |
|
|a Tumbuhan dan makanan sebagai penyembuh penyakit.
|
| 260 |
|
|
|a Kuala Lumpur:
|b Al-Hidayah Pub.,
|c 2008.
|
| 300 |
|
|
|a xiv, 229 p.:
|b ill.;
|c 21 cm.
|
| 490 |
0 |
|
|a Kempen bumi hijau
|
| 650 |
0 |
0 |
|a Herbs --
|x Therapeutic use --
|z Malaysia
|
| 650 |
0 |
0 |
|a Medicine, herbal
|
| 650 |
0 |
0 |
|a Medicinal plants --
|z Malaysia
|
| 700 |
0 |
|
|a Amina Noor
|
| 700 |
0 |
|
|a Kamilarini Kamalsha
|
| 999 |
|
|
|a 0000049282
|b BOK
|c OPEN SHELF
|e 2nd Floor, Bestari Jaya
|
| 999 |
|
|
|a 0000049283
|b BOK
|c OPEN SHELF
|e 1st Floor, Shah Alam
|